000 00253nam a22001217a 4500
008 171103b xxu||||| |||| 00| 0 eng d
041 _aeng
080 _a33
100 _a60
101 _aBUS
245 _aWRITE ON TARGET
_cSTEIN,D.B
942 _2udc
_cBK
999 _c37432
_d37432